El nuevo pueblo de Dios / [por] Joseph Ratzinger

محفوظ في:
التفاصيل البيبلوغرافية
المؤلف الرئيسي: Ratzinger, Joseph (autor)
التنسيق: كتاب
سلاسل:Col. "Biblioteca herder" (101)
الموضوعات:
الوسوم: إضافة وسم
لا توجد وسوم, كن أول من يضع وسما على هذه التسجيلة!

MARC

LEADER 00000nam^a2200000^u^4500
001 000541458
005 20250521000000.0
008 060220s1000^^^^^^^^^^^^r^^^^^000^0^spa^d
009 20260310131225.333
035 |a FMI 000009743 
037 |a Acervo Xavier Clavigero 
096 |a 5.4/88/C 
100 |a Ratzinger, Joseph  |e (autor) 
245 1 3 |a El nuevo pueblo de Dios / [por] Joseph Ratzinger 
264 |a Barcelona : Herder, 1972 
300 |a 470 p. 
336 |a texto  |b txt  |2 rdacontenido 
337 |a sin mediación  |b n  |2 rdamedio 
338 |a volumen  |b nc  |2 rdasoporte 
440 0 |a Col. "Biblioteca herder" (101) 
597 |a Esquemas para una eclesiología. Trad.d el alemán ("Das neue volk gottes") por Daniel Ruiz Bueno 
649 |a XX 
650 |a Eclesiología 
910 |a Fondo Francisco Migoya Covarrubias S.J. 
920 |a Impresos - Libros 
930 |a Fondos Especiales 
905 |a 134 
901 |a SBC15418  |b IT2  |c ESP  |u 20250521 
902 |a https://opac.biblio.iteso.mx/vufind/Record/000541458